000 00335nam a2200133Ia 4500
008 151001s9999||||xx |||||||||||||| ||und||
100 _aना ल मोरे
245 _aविषारी नाग
250 _a1
260 _bनिंबकर आणि मं
260 _c1976
300 _a95
365 _b18
999 _c981592
_d981589